Pembinaan rumah ibadat di Pulau Pinang : satu kajian mengenai insiden agama di Kg. Rawa, Pulau Pinang /
Saved in:
| 主要作者: | |
|---|---|
| 格式: | Thesis 圖書 |
| 語言: | Malay |
| 主題: | |
| 在線閱讀: | http://studentsrepo.um.edu.my/id/eprint/1190 |
| 標簽: |
添加標簽
沒有標簽, 成為第一個標記此記錄!
|
| LEADER | 01390cam a2200337 a 4500 | ||
|---|---|---|---|
| 001 | u484829 | ||
| 003 | SIRSI | ||
| 008 | 910521s2000 my t 00 1 may m | ||
| 035 | |a ACP-9709 | ||
| 040 | |a UMM |d UMA |e rda | ||
| 043 | |a a-my-pp | ||
| 090 | |a BP42 |b A2 UM 2000 Mohas | ||
| 094 | |a BP42 |b A2 UM 2000 Mohas | ||
| 100 | 0 | 0 | |a Mohd. Ali Saripan |e author. |
| 245 | 1 | 0 | |a Pembinaan rumah ibadat di Pulau Pinang : |b satu kajian mengenai insiden agama di Kg. Rawa, Pulau Pinang / |c Mohd. Ali bin Saripan. |
| 264 | 1 | |c 2000. | |
| 264 | 4 | |c 2000. | |
| 300 | |a x, 152 leaves ; |c 29 cm. | ||
| 336 | |a text |2 rdacontent | ||
| 337 | |a unmediated |2 rdamedia | ||
| 338 | |a volume |2 rdacarrier | ||
| 502 | |a Dissertation (M.Usuluddin) -- Jabatan Akidah dan Pemikiran Islam, Akademi Pengajian Islam, Universiti Malaya, 2000. | ||
| 504 | |a Includes bibliographical references. | ||
| 650 | 0 | |a Religious institutions |z Pulau Pinang. | |
| 650 | 0 | |a Religious disputations |z Pulau Pinang. | |
| 710 | 2 | 0 | |a Universiti Malaya. |b Jabatan Akidah dan Pemikiran Islam. |
| 856 | 4 | 1 | |u http://studentsrepo.um.edu.my/id/eprint/1190 |
| 948 | |a 06/07/2001 |b 08/01/2003 | ||
| 596 | |a 1 12 | ||
| 999 | |a BP42 A2 UM 2000 MOHAS |w LC |c 1 |i A510573767 |d 14/10/2011 |e 14/10/2011 |l STACKS |m P01UTAMA |n 3 |r Y |s Y |t TESIS |u 14/2/2002 | ||
| 999 | |a BP42 A2 UM 2000 MOHAS |w LC |c 1 |i A510347627 |d 7/10/2019 |e 7/10/2019 |l STACKS |m P12ISLAMKL |n 1 |r Y |s Y |t TESIS |u 30/1/2002 | ||
